00565nam a2200181 a 450000100100000000500170001000800410002704000250006808200180009310000280011124500530013924600450019226000380023730000260027550400320030154600130033365100370034600002383920200930022515.0110114s1985 dr ab 000 0 eng d aDO-SdBNPbspacBNPHU a972.93bR776d1 aRood, Carlton Alexander10aA dominican chronicle /cCarlton Alexander Rood.23aHistory of Hispaniola/Dominican Republic aSanto Domingo :bCorripio,c1985. a210 p. :bil. ; mapa. aBibliografía: p. 205-206. aInglés 4aRepública DominicanaxHistoria